Organización administrativa /
Guardado en:
| Autor Principal: | |
|---|---|
| Formato: | Libro |
| Idioma: | Spanish |
| Publicado: |
México :
Herrero,
1970.
|
| Edición: | 7. ed. |
| Series: | Serie internacional para la dirección
|
| Etiquetas: |
Agregar Etiqueta
Sin Etiquetas, Sea el primero en etiquetar este registro!
|
| LEADER | 00643nam a22001935a 4500 | ||
|---|---|---|---|
| 001 | EUN.um034921 | ||
| 003 | AR-BaUNS | ||
| 005 | 20050623122908.0 | ||
| 008 | 041125s1970####mx############000#0#spa#d | ||
| 245 | 1 | 0 | |a Organización administrativa / |c John M. Pfiffner. |
| 260 | |a México : |b Herrero, |c 1970. | ||
| 300 | |a 587 p. | ||
| 490 | 0 | |a Serie internacional para la dirección | |
| 100 | 1 | |a Pfiffner, John M. | |
| 082 | 0 | 4 | |a 658 |
| 250 | |a 7. ed. | ||
| 859 | |a Ar-BaUNS |b BIB. CENTRAL - Sector C |h 658 |i P48 |p 69021/974 | ||
| 859 | |a Ar-BaUNS |b BIB. CENTRAL - Sector C |h 658 |i P48 |p 69019/974 |t Ej.2 | ||
| 859 | |a Ar-BaUNS |b BIB. CENTRAL - Sector C |h 658 |i P48 |p 69020/974 |t Ej.3 | ||
